[Event "Storsjodraget 2022"]
[Site "Ostersund"]
[Date "2022.06.10"]
[Round "1"]
[Board "9"]
[White "Roulet-Dubonnet, Emerik Vapenstad"]
[Black "Oberg, Bengt"]
[Result "1-0"]
[WhiteElo "2118"]
[BlackElo "1637"]
[PlyCount "0"]
[EventDate "2022.06.10"]
[EventRounds "7"]
[EventCountry "SWE"]

1. d4 {[%clk 00:15:07]} {[%emt 00:00:03]} e6 {[%clk 00:15:08]} {[%emt
00:00:03]} 2. c4 {[%clk 00:15:09]} {[%emt 00:00:02]} f5 {[%clk 00:15:09]}
{[%emt 00:00:04]} 3. g3 {[%clk 00:15:09]} {[%emt 00:00:05]} Nf6 {[%clk
00:15:10]} {[%emt 00:00:05]} 4. Bg2 {[%clk 00:15:13]} {[%emt 00:00:01]} Be7
{[%clk 00:15:11]} {[%emt 00:00:04]} 5. Nf3 {[%clk 00:15:12]} {[%emt 00:00:06]}
O-O {[%clk 00:15:10]} {[%emt 00:00:05]} 6. O-O {[%clk 00:15:15]} {[%emt
00:00:02]} c6 {[%clk 00:14:48]} {[%emt 00:00:28]} 7. b3 {[%clk 00:15:18]}
{[%emt 00:00:02]} a5 {[%clk 00:13:55]} {[%emt 00:00:58]} 8. Ba3 {[%clk
00:15:16]} {[%emt 00:00:05]} d6 {[%clk 00:13:28]} {[%emt 00:00:34]} 9. Qc1
{[%clk 00:14:23]} {[%emt 00:00:58]} Na6 {[%clk 00:12:54]} {[%emt 00:00:39]} 10.
Nc3 {[%clk 00:14:17]} {[%emt 00:00:10]} Nb4 {[%clk 00:12:22]} {[%emt 00:00:37]}
11. Bb2 {[%clk 00:14:10]} {[%emt 00:00:12]} Ne4 {[%clk 00:11:51]} {[%emt
00:00:37]} 12. Rd1 {[%clk 00:12:45]} {[%emt 00:01:29]} Qc7 {[%clk 00:10:29]}
{[%emt 00:01:28]} 13. a3 {[%clk 00:12:38]} {[%emt 00:00:11]} Na6 {[%clk
00:10:28]} {[%emt 00:00:07]} 14. Qc2 {[%clk 00:12:31]} {[%emt 00:00:12]} d5
{[%clk 00:09:53]} {[%emt 00:00:40]} 15. e3 {[%clk 00:12:08]} {[%emt 00:00:28]}
Rf6 {[%clk 00:09:21]} {[%emt 00:00:37]} 16. Ne2 {[%clk 00:12:04]} {[%emt
00:00:09]} Bd7 {[%clk 00:09:03]} {[%emt 00:00:22]} 17. Nf4 {[%clk 00:12:03]}
{[%emt 00:00:06]} Rh6 {[%clk 00:08:44]} {[%emt 00:00:23]} 18. Rac1 {[%clk
00:11:36]} {[%emt 00:00:34]} Rf8 {[%clk 00:08:42]} {[%emt 00:00:07]} 19. cxd5
{[%clk 00:11:27]} {[%emt 00:00:14]} exd5 {[%clk 00:07:52]} {[%emt 00:00:54]} 20.
Nxd5 {[%clk 00:11:23]} {[%emt 00:00:08]} Qd8 {[%clk 00:06:37]} {[%emt
00:01:22]} 21. Nc3 {[%clk 00:10:50]} {[%emt 00:00:38]} Nf6 {[%clk 00:06:08]}
{[%emt 00:00:34]} 22. d5 {[%clk 00:09:34]} {[%emt 00:01:20]} Qb8 {[%clk
00:04:13]} {[%emt 00:02:00]} 23. Rd2 {[%clk 00:06:11]} {[%emt 00:03:29]} Nc5
{[%clk 00:03:41]} {[%emt 00:00:37]} 24. Nd4 {[%clk 00:05:26]} {[%emt 00:00:49]}
Ng4 {[%clk 00:03:22]} {[%emt 00:00:25]} 25. dxc6 {[%clk 00:05:23]} {[%emt
00:00:08]} bxc6 {[%clk 00:03:10]} {[%emt 00:00:16]} 26. Nf3 {[%clk 00:04:44]}
{[%emt 00:00:45]} Be6 {[%clk 00:01:47]} {[%emt 00:01:28]} 27. Re1 {[%clk
00:03:34]} {[%emt 00:01:14]} Bxb3 {[%clk 00:01:43]} {[%emt 00:00:10]} 28. Qc1
{[%clk 00:03:35]} {[%emt 00:00:02]} Ne4 {[%clk 00:00:26]} {[%emt 00:01:24]} 29.
Rd7 {[%clk 00:02:26]} {[%emt 00:01:14]} Bf6 {[%clk 00:00:19]} {[%emt 00:00:11]}
30. Re2 {[%clk 00:01:32]} {[%emt 00:00:58]} Qc8 {[%clk 00:00:17]} {[%emt
00:00:08]} 31. Ra7 {[%clk 00:01:28]} {[%emt 00:00:09]} Qd8 {[%clk 00:15:05]}
{[%emt 00:00:20]}  1-0

[Event "Storsjodraget 2022"]
[Site "Ostersund"]
[Date "2022.06.10"]
[Round "3"]
[Board "1"]
[White "Larkin, Vladyslav"]
[Black "Madebrink, Lars"]
[Result "1-0"]
[WhiteElo "2430"]
[BlackElo "2109"]
[PlyCount "0"]
[EventDate "2022.06.10"]
[EventRounds "7"]
[EventCountry "SWE"]

1. d4 {[%clk 00:15:07]} {[%emt 00:00:02]} Nf6 {[%clk 00:15:08]} {[%emt
00:00:02]} 2. Nf3 {[%clk 00:15:10]} {[%emt 00:00:02]} g6 {[%clk 00:15:12]}
{[%emt 00:00:01]} 3. Nbd2 {[%clk 00:15:04]} {[%emt 00:00:11]} d6 {[%clk
00:14:59]} {[%emt 00:00:17]} 4. e4 {[%clk 00:15:08]} {[%emt 00:00:02]} Bg7
{[%clk 00:15:02]} {[%emt 00:00:02]} 5. Bc4 {[%clk 00:15:10]} {[%emt 00:00:03]}
e6 {[%clk 00:14:50]} {[%emt 00:00:16]} 6. Qe2 {[%clk 00:15:12]} {[%emt
00:00:03]} O-O {[%clk 00:14:44]} {[%emt 00:00:11]} 7. c3 {[%clk 00:15:15]}
{[%emt 00:00:03]} d5 {[%clk 00:14:33]} {[%emt 00:00:15]} 8. Bd3 {[%clk
00:15:18]} {[%emt 00:00:03]} dxe4 {[%clk 00:14:24]} {[%emt 00:00:13]} 9. Nxe4
{[%clk 00:15:21]} {[%emt 00:00:03]} Nxe4 {[%clk 00:14:24]} {[%emt 00:00:05]} 10.
Bxe4 {[%clk 00:15:24]} {[%emt 00:00:02]} Nd7 {[%clk 00:14:28]} {[%emt
00:00:01]} 11. h4 {[%clk 00:15:20]} {[%emt 00:00:10]} c5 {[%clk 00:13:07]}
{[%emt 00:01:25]} 12. Bg5 {[%clk 00:14:26]} {[%emt 00:00:59]} Qb6 {[%clk
00:12:54]} {[%emt 00:00:17]} 13. Rd1 {[%clk 00:14:11]} {[%emt 00:00:21]} e5
{[%clk 00:11:36]} {[%emt 00:01:23]} 14. dxe5 {[%clk 00:12:06]} {[%emt
00:02:09]} Re8 {[%clk 00:10:42]} {[%emt 00:00:59]} 15. h5 {[%clk 00:12:00]}
{[%emt 00:00:12]} Nxe5 {[%clk 00:09:50]} {[%emt 00:00:57]} 16. Nxe5 {[%clk
00:12:00]} {[%emt 00:00:05]} Bxe5 {[%clk 00:09:39]} {[%emt 00:00:16]} 17. Kf1
{[%clk 00:12:00]} {[%emt 00:00:05]} Be6 {[%clk 00:08:47]} {[%emt 00:00:56]} 18.
Kg1 {[%clk 00:09:54]} {[%emt 00:02:12]} Bg7 {[%clk 00:06:49]} {[%emt 00:02:02]}
19. Qf3 {[%clk 00:07:03]} {[%emt 00:02:57]} Qxb2 {[%clk 00:06:38]} {[%emt
00:00:16]} 20. Bf6 {[%clk 00:07:02]} {[%emt 00:00:06]} Bg4 {[%clk 00:06:19]}
{[%emt 00:00:24]} 21. Qxg4 {[%clk 00:07:03]} {[%emt 00:00:04]} Bxf6 {[%clk
00:06:21]} {[%emt 00:00:03]} 22. hxg6 {[%clk 00:07:06]} {[%emt 00:00:02]} hxg6
{[%clk 00:06:17]} {[%emt 00:00:10]} 23. Bxg6 {[%clk 00:04:07]} {[%emt
00:03:04]} fxg6 {[%clk 00:05:24]} {[%emt 00:00:58]} 24. Qxg6+ {[%clk 00:04:10]}
{[%emt 00:00:01]} Bg7 {[%clk 00:05:28]} 25. Qh7+ {[%clk 00:04:15]} Kf8 {[%clk
00:05:21]} {[%emt 00:00:12]} 26. Qf5+ {[%clk 00:04:09]} {[%emt 00:00:10]} Kg8
{[%clk 00:04:59]} {[%emt 00:00:27]} 27. Qd5+ {[%clk 00:04:12]} {[%emt
00:00:02]} Kf8 {[%clk 00:04:52]} {[%emt 00:00:12]} 28. Qf5+ {[%clk 00:04:16]}
{[%emt 00:00:02]} Kg8 {[%clk 00:04:51]} {[%emt 00:00:05]} 29. Rh3 {[%clk
00:04:18]} {[%emt 00:00:03]} Rad8 {[%clk 00:04:07]} {[%emt 00:00:49]} 30. Qh7+
{[%clk 00:04:21]} {[%emt 00:00:02]} Kf7 {[%clk 00:04:01]} {[%emt 00:00:11]} 31.
Rf3+ {[%clk 00:04:24]} {[%emt 00:00:02]} Ke6 {[%clk 00:04:00]} {[%emt
00:00:06]} 32. Qg6+ {[%clk 00:04:24]} {[%emt 00:00:05]} Ke5 {[%clk 00:03:54]}
{[%emt 00:00:11]} 33. Qxg7+ {[%clk 00:04:27]} {[%emt 00:00:02]} Ke6 {[%clk
00:03:53]} {[%emt 00:00:06]} 34. Qf6# {[%clk 00:04:29]} {[%emt 00:00:03]} Kd5
{[%emt 00:00:04]} 35. Kf1+ {[%emt 00:00:13]}  1-0

[Event "Storsjodraget 2022"]
[Site "Ostersund"]
[Date "2022.06.10"]
[Round "3"]
[Board "2"]
[White "Bohman Karlholm, Adrian"]
[Black "Akesson, Ralf"]
[Result "0-1"]
[WhiteElo "2089"]
[BlackElo "2421"]
[PlyCount "0"]
[EventDate "2022.06.10"]
[EventRounds "7"]
[EventCountry "SWE"]

1. d4 {[%clk 00:15:08]} {[%emt 00:00:01]} Nf6 {[%clk 00:15:07]} {[%emt
00:00:03]} 2. c4 {[%clk 00:15:11]} {[%emt 00:00:03]} e6 {[%clk 00:15:09]}
{[%emt 00:00:03]} 3. Nc3 {[%clk 00:15:14]} {[%emt 00:00:02]} Bb4 {[%clk
00:15:12]} {[%emt 00:00:02]} 4. g3 {[%clk 00:15:16]} {[%emt 00:00:02]} O-O
{[%clk 00:15:04]} {[%emt 00:00:14]} 5. Bg2 {[%clk 00:15:19]} {[%emt 00:00:02]}
d5 {[%clk 00:15:06]} {[%emt 00:00:03]} 6. Nf3 {[%clk 00:15:00]} {[%emt
00:00:24]} dxc4 {[%clk 00:14:36]} {[%emt 00:00:35]} 7. O-O {[%clk 00:15:00]}
{[%emt 00:00:05]} Nc6 {[%clk 00:13:52]} {[%emt 00:00:48]} 8. a3 {[%clk
00:14:56]} {[%emt 00:00:09]} Bxc3 {[%clk 00:12:26]} {[%emt 00:01:32]} 9. bxc3
{[%clk 00:14:58]} {[%emt 00:00:02]} Rb8 {[%clk 00:12:24]} {[%emt 00:00:07]} 10.
Qc2 {[%clk 00:14:43]} {[%emt 00:00:20]} Na5 {[%clk 00:11:54]} {[%emt 00:00:36]}
11. e4 {[%clk 00:13:50]} {[%emt 00:00:59]} Nb3 {[%clk 00:11:46]} {[%emt
00:00:11]} 12. Rb1 {[%clk 00:13:48]} {[%emt 00:00:07]} Nxc1 {[%clk 00:11:38]}
{[%emt 00:00:13]} 13. Rfxc1 {[%clk 00:13:46]} {[%emt 00:00:07]} Nd7 {[%clk
00:10:30]} {[%emt 00:01:13]} 14. e5 {[%clk 00:13:20]} {[%emt 00:00:31]} b5
{[%clk 00:09:42]} {[%emt 00:00:53]} 15. h4 {[%clk 00:13:08]} {[%emt 00:00:18]}
h6 {[%clk 00:09:35]} {[%emt 00:00:13]} 16. Nd2 {[%clk 00:12:38]} {[%emt
00:00:33]} c5 {[%clk 00:09:05]} {[%emt 00:00:35]} 17. a4 {[%clk 00:09:30]}
{[%emt 00:03:14]} a6 {[%clk 00:08:34]} {[%emt 00:00:36]} 18. axb5 {[%clk
00:09:09]} {[%emt 00:00:27]} axb5 {[%clk 00:08:37]} {[%emt 00:00:01]} 19. Ne4
{[%clk 00:08:20]} {[%emt 00:00:54]} cxd4 {[%clk 00:07:24]} {[%emt 00:01:18]} 20.
cxd4 {[%clk 00:08:21]} {[%emt 00:00:03]} Qb6 {[%clk 00:06:15]} {[%emt
00:01:15]} 21. Qc3 {[%clk 00:08:06]} {[%emt 00:00:20]} Bb7 {[%clk 00:05:56]}
{[%emt 00:00:24]} 22. Nd6 {[%clk 00:08:01]} {[%emt 00:00:10]} Bxg2 {[%clk
00:05:57]} {[%emt 00:00:04]} 23. Kxg2 {[%clk 00:08:04]} {[%emt 00:00:02]} Qc6+
{[%clk 00:05:42]} {[%emt 00:00:20]} 24. Qf3 {[%clk 00:07:52]} {[%emt 00:00:17]}
Qa6 {[%clk 00:04:31]} {[%emt 00:01:15]} 25. Rc3 {[%clk 00:07:13]} {[%emt
00:00:45]} f6 {[%clk 00:02:57]} {[%emt 00:01:39]} 26. Qg4 {[%clk 00:06:47]}
{[%emt 00:00:31]} Qc6+ {[%clk 00:03:00]} {[%emt 00:00:02]} 27. Kg1 {[%clk
00:06:37]} {[%emt 00:00:15]} Qd5 {[%clk 00:02:56]} {[%emt 00:00:09]} 28. f4
{[%clk 00:05:29]} {[%emt 00:01:12]} Qxd4+ {[%clk 00:02:52]} {[%emt 00:00:09]}
29. Kh1 {[%clk 00:05:20]} {[%emt 00:00:14]} Qxc3 {[%clk 00:02:41]} {[%emt
00:00:16]} 30. Qxe6+ {[%clk 00:05:23]} {[%emt 00:00:03]} Kh7 {[%clk 00:02:32]}
{[%emt 00:00:13]} 31. Qf5+ {[%clk 00:04:58]} {[%emt 00:00:30]} Kh8 {[%clk
00:02:36]} 32. Qxd7 {[%clk 00:04:59]} {[%emt 00:00:04]} Qd3 {[%clk 00:01:55]}
{[%emt 00:00:46]} 33. Rxb5 {[%clk 00:04:00]} {[%emt 00:01:05]} Rxb5 {[%clk
00:01:35]} {[%emt 00:00:25]} 34. Qxb5 {[%clk 00:04:02]} {[%emt 00:00:02]} fxe5
{[%clk 00:01:18]} {[%emt 00:00:23]} 35. Qxe5 {[%clk 00:03:49]} {[%emt
00:00:18]} c3 {[%clk 00:01:09]} {[%emt 00:00:14]} 36. Qe7 {[%clk 00:03:35]}
{[%emt 00:00:20]} Rb8 {[%clk 00:00:33]} {[%emt 00:00:39]} 37. Nf7+ {[%clk
00:03:13]} {[%emt 00:00:27]} Kh7 {[%clk 00:00:34]} {[%emt 00:00:05]} 38. Nxh6
{[%clk 00:02:34]} {[%emt 00:00:44]} Qf1+ {[%clk 00:00:27]} {[%emt 00:00:11]} 39.
Kh2 {[%clk 00:02:37]} {[%emt 00:00:03]} Rb2+ {[%clk 00:00:29]} {[%emt
00:00:02]}  0-1

[Event "Storsjodraget 2022"]
[Site "Ostersund"]
[Date "2022.06.10"]
[Round "1"]
[Board "11"]
[White "Sundell, Bo"]
[Black "Przylecki, Mateusz"]
[Result "0-1"]
[WhiteElo "2100"]
[BlackElo "1493"]
[PlyCount "0"]
[EventDate "2022.06.10"]
[EventRounds "7"]
[EventCountry "SWE"]

1. e4 {[%emt 01:15:09]} c5 {[%emt 00:00:03]} 2. Nf3 {[%emt 00:00:04]} d6 {[%emt
00:00:02]} 3. Bb5+ {[%emt 00:00:06]} Bd7 {[%emt 00:00:06]} 4. Bxd7+ {[%emt
00:00:03]} Nxd7 {[%emt 00:00:03]} 5. O-O {[%emt 00:00:04]} Ngf6 {[%emt
00:00:05]} 6. Re1 {[%emt 00:00:07]} g6 {[%emt 00:00:16]} 7. c3 {[%emt
00:00:23]} Bg7 {[%emt 00:01:00]} 8. d4 {[%emt 00:00:07]} cxd4 {[%emt 00:00:27]}
9. cxd4 {[%emt 00:00:04]} e6 {[%emt 00:00:41]} 10. Nc3 {[%emt 00:00:19]} O-O
{[%emt 00:00:45]} 11. e5 {[%emt 00:01:46]} dxe5 {[%emt 00:00:53]} 12. dxe5
{[%emt 00:00:03]} Ng4 {[%emt 00:00:44]} 13. Bg5 {[%emt 00:00:46]} Qc8 {[%emt
00:00:46]} 14. Rc1 {[%emt 00:01:26]} Ndxe5 {[%emt 00:02:23]} 15. Nxe5 {[%emt
00:01:53]} Nxe5 {[%emt 00:00:11]} 16. Nd5 {[%emt 00:02:35]} Qd7 {[%emt
00:02:52]} 17. Rxe5 {[%emt 00:00:21]} exd5 {[%emt 00:00:30]} 18. Rxd5 {[%emt
00:00:08]} Qe6 {[%emt 00:00:19]} 19. b3 {[%emt 00:00:52]} Rac8 {[%emt
00:00:20]} 20. Rxc8 {[%emt 00:00:06]} Rxc8 {[%emt 00:00:03]} 21. h3 {[%emt
00:00:20]} Re8 {[%emt 00:01:04]} 22. Rd7 {[%emt 00:01:15]} Qe1+ {[%emt
00:00:23]} 23. Qxe1 {[%emt 00:00:01]} Rxe1+ {[%emt 00:00:02]} 24. Kh2 Be5+
{[%emt 00:00:07]} 25. f4 {[%emt 00:00:14]} f6 {[%emt 00:01:12]} 26. Bh6 {[%emt
00:00:07]} Bc3 {[%emt 00:00:27]} 27. Rg7+ {[%emt 00:00:13]} Kh8 {[%emt
00:00:09]} 28. Rxb7 {[%emt 00:00:21]} Re8 {[%emt 00:00:11]} 29. Rxa7 {[%emt
00:00:07]} Bd2 {[%emt 00:00:05]} 30. a4 {[%emt 00:01:03]} g5 {[%emt 00:00:02]}
31. fxg5 {[%emt 00:00:59]} Bf4+ {[%emt 00:00:03]} 32. Kg1 Be3+ {[%emt
00:00:02]} 33. Kf1 {[%emt 00:00:05]} Bxa7 {[%emt 00:00:02]} 34. gxf6 {[%emt
00:00:03]} Rb8 {[%emt 00:00:06]} 35. b4 {[%emt 00:00:08]} Rxb4 {[%emt
00:00:07]} 36. f7 {[%emt 00:00:02]} Bc5 {[%emt 00:00:04]} 37. Ke2 {[%emt
00:00:10]} Rb8 {[%emt 00:00:07]} 38. Kd3 {[%emt 00:00:05]} Bf8 {[%emt
00:00:02]} 39. Bf4 {[%clk 00:01:45]} {[%emt 00:00:02]} Ra8 {[%clk 00:01:38]} 40.
Be5+ {[%clk 00:01:44]} {[%emt 00:00:08]} Bg7 {[%clk 00:01:41]} {[%emt
00:00:02]} 41. Kd4 {[%emt 00:00:33]}  0-1

[Event "Storsjodraget 2022"]
[Site "Ostersund"]
[Date "2022.06.10"]
[Round "3"]
[Board "3"]
[White "Nygren, David"]
[Black "Gillefalk, Bjorn"]
[Result "1-0"]
[WhiteElo "2182"]
[BlackElo "2061"]
[PlyCount "0"]
[EventDate "2022.06.10"]
[EventRounds "7"]
[EventCountry "SWE"]

1. e4 {[%clk 00:15:07]} {[%emt 00:00:02]} e5 {[%clk 00:12:27]} {[%emt
00:02:44]} 2. Nf3 {[%clk 00:15:09]} {[%emt 00:00:02]} Nc6 {[%clk 00:12:31]}
{[%emt 00:00:02]} 3. Bb5 {[%clk 00:15:11]} {[%emt 00:00:02]} f5 {[%clk
00:12:31]} {[%emt 00:00:06]} 4. d3 {[%clk 00:15:09]} {[%emt 00:00:06]} fxe4
{[%clk 00:12:34]} {[%emt 00:00:03]} 5. dxe4 {[%clk 00:15:06]} {[%emt 00:00:08]}
Nf6 {[%clk 00:12:37]} {[%emt 00:00:02]} 6. O-O {[%clk 00:14:39]} {[%emt
00:00:31]} Bc5 {[%clk 00:12:37]} {[%emt 00:00:05]} 7. Bc4 {[%clk 00:14:23]}
{[%emt 00:00:22]} d6 {[%clk 00:12:00]} {[%emt 00:00:43]} 8. Ng5 {[%clk
00:13:56]} {[%emt 00:00:30]} Qe7 {[%clk 00:11:04]} {[%emt 00:01:01]} 9. Bf7+
{[%clk 00:13:48]} {[%emt 00:00:14]} Kd8 {[%clk 00:10:41]} {[%emt 00:00:27]} 10.
Bd5 {[%clk 00:13:42]} {[%emt 00:00:11]} Rf8 {[%clk 00:10:34]} {[%emt 00:00:13]}
11. c3 {[%clk 00:11:44]} {[%emt 00:02:04]} h6 {[%clk 00:10:24]} {[%emt
00:00:14]} 12. Nf3 {[%clk 00:11:36]} {[%emt 00:00:13]} Bg4 {[%clk 00:10:26]}
{[%emt 00:00:03]} 13. b4 {[%clk 00:10:51]} {[%emt 00:00:51]} Nxb4 {[%clk
00:09:33]} {[%emt 00:00:57]} 14. Bxb7 {[%clk 00:10:13]} {[%emt 00:00:42]} Rb8
{[%clk 00:09:34]} {[%emt 00:00:04]} 15. cxb4 {[%clk 00:10:09]} {[%emt
00:00:09]} Bd4 {[%clk 00:09:39]} 16. Nxd4 {[%clk 00:10:12]} {[%emt 00:00:03]}
Bxd1 {[%clk 00:08:23]} {[%emt 00:01:21]} 17. Nc6+ {[%clk 00:10:13]} {[%emt
00:00:04]} Kd7 {[%clk 00:08:26]} {[%emt 00:00:02]} 18. Nxe7 {[%clk 00:09:59]}
{[%emt 00:00:18]} Ra8 {[%emt 00:00:59]}  1-0

[Event "Storsjodraget 2022"]
[Site "Ostersund"]
[Date "2022.06.10"]
[Round "1"]
[Board "12"]
[White "Vreugdenhil, Maarten"]
[Black "Bohman Karlholm, Adrian"]
[Result "0-1"]
[WhiteElo "1422"]
[BlackElo "2089"]
[PlyCount "0"]
[EventDate "2022.06.10"]
[EventRounds "7"]
[EventCountry "SWE"]

1. d4 {[%clk 00:15:08]} {[%emt 00:00:01]} d5 {[%clk 00:15:09]} {[%emt
00:00:01]} 2. c4 {[%clk 00:15:11]} {[%emt 00:00:02]} e6 {[%clk 00:15:12]}
{[%emt 00:00:01]} 3. Nf3 {[%clk 00:15:11]} {[%emt 00:00:06]} c5 {[%clk
00:15:14]} {[%emt 00:00:03]} 4. e3 {[%clk 00:14:49]} {[%emt 00:00:27]} Nc6
{[%clk 00:15:08]} {[%emt 00:00:10]} 5. cxd5 {[%clk 00:14:24]} {[%emt 00:00:30]}
exd5 {[%clk 00:15:10]} {[%emt 00:00:03]} 6. Nc3 {[%clk 00:13:57]} {[%emt
00:00:32]} Nf6 {[%clk 00:15:06]} {[%emt 00:00:09]} 7. Be2 {[%clk 00:13:43]}
{[%emt 00:00:21]} c4 {[%clk 00:14:46]} {[%emt 00:00:24]} 8. Qc2 {[%clk
00:13:24]} {[%emt 00:00:23]} Bb4 {[%clk 00:13:48]} {[%emt 00:01:04]} 9. O-O
{[%clk 00:13:17]} {[%emt 00:00:12]} O-O {[%clk 00:13:44]} {[%emt 00:00:09]} 10.
a3 {[%clk 00:13:19]} {[%emt 00:00:03]} Ba5 {[%clk 00:12:27]} {[%emt 00:01:21]}
11. b4 {[%clk 00:12:00]} {[%emt 00:01:24]} Bc7 {[%clk 00:11:14]} {[%emt
00:01:19]} 12. Bb2 {[%clk 00:11:50]} {[%emt 00:00:15]} Re8 {[%clk 00:11:10]}
{[%emt 00:00:08]} 13. Rfe1 {[%clk 00:11:17]} {[%emt 00:00:39]} Bg4 {[%clk
00:10:50]} {[%emt 00:00:24]} 14. Rad1 {[%clk 00:10:27]} {[%emt 00:00:55]} a6
{[%clk 00:10:30]} {[%emt 00:00:21]} 15. h3 {[%clk 00:09:35]} {[%emt 00:00:57]}
Bh5 {[%clk 00:10:29]} {[%emt 00:00:11]} 16. Nd2 {[%clk 00:07:54]} {[%emt
00:01:45]} Bg6 {[%clk 00:10:02]} {[%emt 00:00:33]} 17. Qc1 {[%clk 00:07:33]}
{[%emt 00:00:26]} Qd6 {[%clk 00:09:44]} {[%emt 00:00:22]} 18. Nf1 {[%clk
00:07:36]} {[%emt 00:00:02]} b5 {[%clk 00:08:58]} {[%emt 00:00:52]} 19. Bf3
{[%clk 00:07:32]} {[%emt 00:00:08]} Rab8 {[%clk 00:08:30]} {[%emt 00:00:33]} 20.
Ng3 {[%clk 00:06:44]} {[%emt 00:00:53]} a5 {[%clk 00:07:56]} {[%emt 00:00:40]}
21. a4 {[%clk 00:04:59]} {[%emt 00:01:50]} bxa4 {[%clk 00:07:18]} {[%emt
00:00:43]} 22. b5 {[%clk 00:04:34]} {[%emt 00:00:31]} Nb4 {[%clk 00:07:07]}
{[%emt 00:00:15]} 23. Ba3 {[%clk 00:04:15]} {[%emt 00:00:24]} Qd7 {[%clk
00:06:50]} {[%emt 00:00:22]} 24. Nxa4 {[%clk 00:03:01]} {[%emt 00:01:19]} Nd3
{[%clk 00:06:30]} {[%emt 00:00:24]} 25. Rxd3 {[%clk 00:02:48]} {[%emt
00:00:19]} Bxd3 {[%clk 00:06:32]} {[%emt 00:00:03]} 26. Nc5 {[%clk 00:02:18]}
{[%emt 00:00:35]} Qxb5 {[%clk 00:05:51]} {[%emt 00:00:46]} 27. Nxd3 {[%clk
00:02:00]} {[%emt 00:00:24]} Bxg3 {[%clk 00:05:52]} {[%emt 00:00:03]} 28. Nc5
{[%clk 00:01:24]} {[%emt 00:00:41]} Bd6 {[%clk 00:05:35]} {[%emt 00:00:22]} 29.
g4 {[%clk 00:01:17]} {[%emt 00:00:12]} Ne4 {[%clk 00:05:18]} {[%emt 00:00:21]}
30. Bxe4 {[%clk 00:01:02]} {[%emt 00:00:21]} dxe4 {[%clk 00:05:19]} {[%emt
00:00:04]} 31. Qc2 {[%clk 00:00:36]} {[%emt 00:00:31]} Bxc5 {[%clk 00:05:08]}
{[%emt 00:00:16]} 32. Bxc5 {[%clk 00:00:25]} {[%emt 00:00:16]} Qb3 {[%clk
00:03:05]} {[%emt 00:02:08]} 33. Rc1 {[%clk 00:00:28]} {[%emt 00:00:01]} a4
{[%clk 00:02:58]} {[%emt 00:00:13]} 34. Qxc4 {[%clk 00:30:46]} {[%emt
00:00:43]} Rec8 {[%clk 00:33:55]} {[%emt 00:00:03]}  0-1